[Event "Collado Villalba op-A 35th"]
[Site "Collado Villalba ESP"]
[Date "2018.09.01"]
[Round "9.11"]
[White "Rojas Pozo, Jose Luis"]
[Black "Carrasco Coquillat, Alvaro"]
[Result "0-1"]
[WhiteElo "1966"]
[BlackElo "1865"]
[PlyCount "72"]
[EventDate "2018.08.24"]
[EventType "swiss"]
[EventRounds "9"]
[EventCountry "ESP"]
[SourceTitle "Ajedrez en Madrid"]
[Source "lmi"]
[SourceDate "2018.08.24"]

1. d4 Nf6 2. c4 g6 3. Nc3 Bg7 4. e4 d6 5. g3 O-O 6. Bg2 e5 7. Nge2 exd4 8. Nxd4
Nc6 9. Nxc6 bxc6 10. O-O Be6 11. Qa4 Nd7 12. Bd2 Nb6 13. Qxc6 Bd7 14. Qb7 Bc8
15. Qc6 Bd7 16. Qb7 Nxc4 17. Be3 Nxe3 18. fxe3 Rb8 19. Qxa7 Rxb2 20. Rac1 Bxc3
21. Rxc3 Bb5 22. Rf4 Rb1+ 23. Kf2 Rb2+ 24. Kg1 g5 25. Rf5 Rb1+ 26. Kf2 Bd7 27.
Qxc7 Bxf5 28. Qxd8 Rb2+ 29. Kf1 Rxd8 30. exf5 Rxa2 31. Rc7 Rb8 32. Be4 Rxh2 33.
Kg1 Re2 34. f6 Rxe3 35. Bd5 Rf8 36. Kf2 Re5 0-1

[Event "Collado Villalba op-A 35th"]
[Site "Collado Villalba ESP"]
[Date "2018.09.01"]
[Round "9.12"]
[White "Cao Armillas, Jesus"]
[Black "Camarero Izquierdo, Juan Carlos"]
[Result "1-0"]
[WhiteElo "2043"]
[BlackElo "1963"]
[PlyCount "69"]
[EventDate "2018.08.24"]
[EventType "swiss"]
[EventRounds "9"]
[EventCountry "ESP"]
[SourceTitle "Ajedrez en Madrid"]
[Source "lmi"]
[SourceDate "2018.08.24"]

1. d4 f5 2. Nf3 e6 3. c4 d5 4. Bf4 Nf6 5. Nc3 c6 6. e3 Bd6 7. Bd3 O-O 8. Qc2
Ne4 9. a3 Qc7 10. Ne2 Nd7 11. Rc1 Ndf6 12. h3 Bd7 13. Ne5 Nh5 14. Bh2 Bxe5 15.
Bxe5 Qd8 16. h4 Be8 17. f3 Nef6 18. c5 h6 19. Kd2 Bf7 20. Rcg1 Nd7 21. g4 fxg4
22. fxg4 Nhf6 23. Bd6 Re8 24. g5 Ne4+ 25. Bxe4 dxe4 26. g6 Bxg6 27. Rxg6 e5 28.
Rhg1 exd4 29. Qc4+ Kh8 30. Qxd4 Nf6 31. Rxg7 Re6 32. Nf4 Qa5+ 33. Kc2 Rae8 34.
Nxe6 Rxe6 35. Rg8+ 1-0

[Event "Collado Villalba op-A 35th"]
[Site "Collado Villalba ESP"]
[Date "2018.09.01"]
[Round "9.13"]
[White "Cuellar Gutierrez, Raul"]
[Black "Sotoca Aguado, Jose"]
[Result "1-0"]
[WhiteElo "1927"]
[BlackElo "1920"]
[PlyCount "53"]
[EventDate "2018.08.24"]
[EventType "swiss"]
[EventRounds "9"]
[EventCountry "ESP"]
[SourceTitle "Ajedrez en Madrid"]
[Source "lmi"]
[SourceDate "2018.08.24"]

1. d4 Nf6 2. c4 e6 3. Nf3 b6 4. g3 Bb7 5. Bg2 Be7 6. O-O O-O 7. Nc3 d5 8. cxd5
exd5 9. Ne5 Ne4 10. Qc2 Nxc3 11. bxc3 f6 12. Nd3 c6 13. c4 Na6 14. cxd5 cxd5
15. Qb3 Kh8 16. Bf4 Qd7 17. h4 Rac8 18. Rac1 g6 19. Kh2 f5 20. Ne5 Qe6 21. e4
Nc7 22. Rxc7 Rxc7 23. exd5 Qc8 24. Nc6 Rd7 25. Nxe7 Rxe7 26. Rc1 Qe8 27. d6 1-0

[Event "Collado Villalba op-A 35th"]
[Site "Collado Villalba ESP"]
[Date "2018.09.01"]
[Round "9.14"]
[White "Camacho Casado, Natalio"]
[Black "Perez Cameselle, Francisco Jose"]
[Result "1/2-1/2"]
[WhiteElo "1836"]
[BlackElo "1790"]
[PlyCount "99"]
[EventDate "2018.08.24"]
[EventType "swiss"]
[EventRounds "9"]
[EventCountry "ESP"]
[SourceTitle "Ajedrez en Madrid"]
[Source "lmi"]
[SourceDate "2018.08.24"]

1. d4 f5 2. Bg5 g6 3. e3 Bg7 4. f4 Nf6 5. Bxf6 Bxf6 6. Nf3 c5 7. c3 b6 8. dxc5
bxc5 9. Qd5 Nc6 10. Qxc5 O-O 11. Qd5+ e6 12. Qd2 a5 13. a4 Qe7 14. Na3 d5 15.
Bb5 Bd7 16. O-O Rfd8 17. Nd4 Na7 18. Bxd7 Rxd7 19. Nab5 Nxb5 20. Nxb5 g5 21.
Nd4 gxf4 22. exf4 Qc5 23. Kh1 Bxd4 24. cxd4 Qb6 25. Rf3 Rb7 26. b3 Rc8 27. Qe3
Kf7 28. Rg3 Rg8 29. Rxg8 Kxg8 30. Rc1 Kf7 31. Rc3 Rc7 32. Kg1 Rxc3 33. Qxc3 Kf6
34. Kf2 Kf7 35. Ke3 Kf6 36. Kd2 Qd6 37. g3 Qa3 38. h3 Qa2+ 39. Qc2 Qa1 40. Qc3
Qg1 41. h4 Qb1 42. Qc2 Qa1 43. Qc3 Qb1 44. Qxa5 Qb2+ 45. Ke1 Qxb3 46. Qd8+ Kf7
47. Qd7+ Kf6 48. Qd8+ Kf7 49. Qd7+ Kf6 50. Qd8+ 1/2-1/2

[Event "Collado Villalba op-A 35th"]
[Site "Collado Villalba ESP"]
[Date "2018.09.01"]
[Round "9.15"]
[White "Perez Vazquez, Manuel"]
[Black "Martin Arbeloa, Fernando"]
[Result "0-1"]
[WhiteElo "1903"]
[BlackElo "1918"]
[PlyCount "64"]
[EventDate "2018.08.24"]
[EventType "swiss"]
[EventRounds "9"]
[EventCountry "ESP"]
[SourceTitle "Ajedrez en Madrid"]
[Source "lmi"]
[SourceDate "2018.08.24"]

1. d4 Nf6 2. c4 Nc6 3. Nc3 e5 4. d5 Ne7 5. e4 Ng6 6. g3 Bc5 7. Be2 d6 8. h4 h5
9. Bg5 c6 10. a3 Qb6 11. Rh2 Ng4 12. Bxg4 Bxg4 13. Qd2 Qb3 14. Qd3 Qxb2 15. Rb1
Qxa3 16. f3 Bxg1 17. Ra2 Qc5 18. fxg4 f6 19. Bc1 Bd4 20. Nd1 Rb8 21. Ne3 Ne7
22. Kf1 cxd5 23. exd5 hxg4 24. Nf5 Nxf5 25. Qxf5 Qc7 26. Kg2 Qd7 27. Qg6+ Qf7
28. Qxg4 f5 29. Qe2 O-O 30. Ba3 f4 31. Rf1 Qg6 32. Kh3 Qxg3# 0-1

[Event "Collado Villalba op-A 35th"]
[Site "Collado Villalba ESP"]
[Date "2018.09.01"]
[Round "9.16"]
[White "Sancho Castiello, Federico"]
[Black "Garcia Galeote, Lorenzo"]
[Result "0-1"]
[WhiteElo "1795"]
[BlackElo "1899"]
[PlyCount "66"]
[EventDate "2018.08.24"]
[EventType "swiss"]
[EventRounds "9"]
[EventCountry "ESP"]
[SourceTitle "Ajedrez en Madrid"]
[Source "lmi"]
[SourceDate "2018.08.24"]

1. e4 Nc6 2. d4 d6 3. Nc3 g6 4. f4 Bg7 5. Be3 e5 6. Bb5 Bd7 7. Nf3 a6 8. Ba4
Nf6 9. h3 O-O 10. fxe5 dxe5 11. dxe5 Nh5 12. g4 b5 13. Bb3 Ng3 14. Rg1 b4 15.
Rxg3 bxc3 16. bxc3 Nxe5 17. Bd4 Nxf3+ 18. Qxf3 Qe7 19. O-O-O a5 20. Rf1 a4 21.
Bc4 Be6 22. Bxg7 Kxg7 23. Bd5 c6 24. Bxe6 fxe6 25. Qe2 Qg5+ 26. Kb1 Rab8+ 27.
Ka1 Rxf1+ 28. Qxf1 Rf8 29. Qd1 a3 30. Qd4+ Kg8 31. Rg1 Qb5 32. c4 Qb4 33. Rb1
Qxb1+ 0-1

[Event "Collado Villalba op-A 35th"]
[Site "Collado Villalba ESP"]
[Date "2018.09.01"]
[Round "9.17"]
[White "Pardo Veguezzi, Jose Manuel"]
[Black "Carrasco Coquillat, Jorge"]
[Result "0-1"]
[WhiteElo "1800"]
[BlackElo "1799"]
[PlyCount "68"]
[EventDate "2018.08.24"]
[EventType "swiss"]
[EventRounds "9"]
[EventCountry "ESP"]
[SourceTitle "Ajedrez en Madrid"]
[Source "lmi"]
[SourceDate "2018.08.24"]

1. e4 c5 2. Nf3 d6 3. d4 cxd4 4. Nxd4 Nf6 5. Nc3 g6 6. Be3 Bg7 7. f3 O-O 8. Bc4
Nc6 9. Qd2 Bd7 10. O-O-O Rc8 11. Bb3 Ne5 12. h4 h5 13. Rdg1 Qa5 14. g4 hxg4 15.
h5 Nxh5 16. Bh6 Rxc3 17. bxc3 Bxh6 18. Qxh6 Qxc3 19. Ne2 Qa1+ 20. Kd2 Nxf3+ 21.
Ke3 Qg7 22. Qxg7+ Kxg7 23. Rd1 f5 24. exf5 Rxf5 25. Nd4 Nxd4 26. Kxd4 Rf4+ 27.
Kd3 Rf3+ 28. Kd2 Bc6 29. Rhe1 e5 30. Ke2 Nf4+ 31. Kd2 g3 32. Bc4 g2 33. Rg1
Rf2+ 34. Ke3 Rxc2 0-1